000 00512nam a2200169Ia 4500
003 GCL
008 140319s9999 xx 000 0 ara d
040 _aGCL /
_cGCL
082 0 4 _a813.03
_bا ن
100 1 _aابراهيم الكونى
245 1 0 _aنزيف الحجر : رواية (هدية من الأديب عبدالفتاح الجمل) /
_cابراهيم الكونى
300 _a158 ص
490 _a
650 0 4 _aالادب العربى
650 0 4 _aالقصص العربية
942 _2ddc
_cBK
999 _c40299
_d40299